000 00744nam a2200241Ia 4500
001 9734
003 GE_BSU
008 181216s||||||||xx |||||||||||||| ||und||
040 _cGE_BSU
080 _a82-93:821.353.1-1
100 _aნიქაბაძე,ჯანსუღ
245 _aეს ქალაქი ვისია?!
245 _bლექსები
245 _cრედ:ჯ.ბაჯელიძე;მხატვ:.ზაურ დეისაძე
260 _aთბილისი.
260 _bნაკადული.
260 _c1988
300 _a253გვ;21სმ
300 _bილ.
653 _aეს ქალაქი ვისია?!
653 _aლექსები
942 _cBK
999 _c43015
_d43015